Basic principles and calculations in chemical engineering / (Record no. 563508)
[ view plain ]
| 000 -LEADER | |
|---|---|
| fixed length control field | 00479nam a2200145Ia 4500 |
| 008 - FIXED-LENGTH DATA ELEMENTS--GENERAL INFORMATION | |
| fixed length control field | 210430s9999 xx 000 0 und d |
| 082 ## - DEWEY DECIMAL CLASSIFICATION NUMBER | |
| Classification number | 660 H657 B |
| 100 ## - MAIN ENTRY--PERSONAL NAME | |
| Personal name | Himmelblau, David M. |
| 245 ## - TITLE STATEMENT | |
| Title | Basic principles and calculations in chemical engineering / |
| Statement of responsibility, etc. | Himmelblau, David M. |
| 250 ## - EDITION STATEMENT | |
| Edition statement | 6th edition |
| 260 ## - PUBLICATION, DISTRIBUTION, ETC. | |
| Place of publication, distribution, etc. | [S.l.] : |
| Name of publisher, distributor, etc. | Prentice Hall, |
| Date of publication, distribution, etc. | 2003 |
| 300 ## - PHYSICAL DESCRIPTION | |
| Extent | 1072 p. ; |
| 856 ## - ELECTRONIC LOCATION AND ACCESS | |
| Uniform Resource Identifier | <a href="http://www.amazon.com/exec/obidos/ASIN/0131406345/chopaconline-20">http://www.amazon.com/exec/obidos/ASIN/0131406345/chopaconline-20</a> |
| 942 ## - ADDED ENTRY ELEMENTS (KOHA) | |
| Koha item type | Book |
| Source of classification or shelving scheme | |
| Withdrawn status | Lost status | Damaged status | Not for loan | Collection code | Permanent Location | Current Location | Shelving location | Date acquired | Total Checkouts | Total Renewals | Full call number | Barcode | Date last seen | Date last checked out | Price effective from | Koha item type |
|---|---|---|---|---|---|---|---|---|---|---|---|---|---|---|---|---|
| School of Chemical & Materials Engineering (SCME) | School of Chemical & Materials Engineering (SCME) | General Stacks | 3 | 9 | 660 H657 B | SCME-2641 | 01/19/2026 | 10/27/2025 | 04/30/2021 | Book |
